000 00399nam a2200145 a 4500
001 5517
003 CDMR
005 20130116135309.0
008 130130s1969||||||||||||||||||||||||||||d
040 _aCDMR
_bcat
_cCDMR
245 0 _aRegulación de las enseñanzas de periodismo en España
_bTextos legales
260 _aMadrid
_c1969
_bEscuela Oficial de Periodismo
300 _a70 p ;
_c21 cm
942 _cMON
999 _c5517
_d5517